000
00296nam a22001337a 4500
008
170609b xxu||||| |||| 00| 0 eng d
020
_a
9780226264219
041
_a
eng
080
_a
94(100)
100
_a
18
101
_a
SHH
245
_a
CAPITALISM AND FREEDOM
_c
FRIEDMAN,M
942
_2
udc
_c
BK
999
_c
16742
_d
16742